000 00351nam a22001457a 4500
020 _a9789350140581
082 _a621.3815 SHA
100 _aSharma Sanjay
245 _aIntegrated Circuits
260 _aNew Delhi
_bS.K .Kataria & Sons
_c2008
300 _a557
_bP.B
650 _aIntegrated Circuits
700 _aSanjay Sharma
942 _cBK
999 _c490552
_d490552